Nombres Masculinos Españoles A-Z - Estadísticas

Estadísticas generales
  • Esta prueba ha sido intentada 691 veces
    617 desde el último reinicio
  • La puntuación promedio es 17 de 23
Estadísticas de respuestas
Letra Respuesta % Correcto
A Álvaro Alonso Andrés Adrian Alberto Adrián Ángel Agustín Abraham Alejandro Antonio
99%
J Jorge Javier Josué Jacob Jonás José Juan Jesús Julián Julio
97%
M Marcos Martín Mateo Matías Miguel Manuel Moisés Mario Merlín Mauricio
97%
F Fernando Francisco Felipe Franco Federico Fabio Félix Fustino
96%
C Carlos Cristian César Camilo Clemente Cristóbal
95%
D Diego David Daniel Damián Domingo
94%
L Lucas Leo Luis Lanzarote Lorenzo
92%
P Pablo Pedro Pelayo
92%
R Rubén Rodrigo Ramón Roberto Ricardo Raul Rodolfo Román Rafael
91%
G Gabriel Gonzalo Gaspar Ganzón Gustavo Gerardo Germán Guillermo
85%
S Sebastián Santiago Sergio Samuel Siro Simeón Saúl
84%
H Hugo Hector Hernando Hipólito
82%
I Iván Ignacio Íñigo Ismael Isaías
79%
O Oscar Oliver Omar
79%
E Efraín Elias Eusebio Esteban Enrique Emmanuel Eduardo Emilio Eloy
78%
V Valentín Víctor Vicente
72%
T Tiago Tomás Tulio Timoteo Tirso Tobías Teodoro Tadeo
66%
B Bruno Benito Bosco Bartolomé Benjamín Bastian Bernabé
61%
N Nicolás Nicodemo Noel Natan
46%
Q Quique
46%
Z Zaqueo Zacarías Zebedeo
28%
U Unax Unai Uriel
25%
Y Yago
22%
No se encontraron pruebas coincidentes
Distribución de puntuación
Porcentaje de gente con cada puntuación
Porcentaje por número respondido
Historial de tus puntuaciones
No has intentado esta prueba desde el último reinicio